000
00233nam a2200109Ia 4500
999
_c
8126
_d
8126
020
_a
978-9352866717
100
_a
Stalling, William
245
0
_a
Operating Systems
260
_a
USA
_b
McGraw Hill
_c
2000
300
_a
718
942
_c
BK